| 000 | 00377nam a2200169Ia 4500 | ||
|---|---|---|---|
| 999 |
_c31794 _d31794 |
||
| 003 | OSt | ||
| 005 | 20260617170700.0 | ||
| 008 | 250310s9999||||xx |||||||||||||| ||und|| | ||
| 040 | _c. | ||
| 082 |
_a891.43 _bG973 |
||
| 100 |
_96057 _aGulzar |
||
| 245 | 0 |
_aPukhraj / _cGulzar |
|
| 260 |
_aNew Delhi : _bRupa & co, _c2005. |
||
| 300 | _a180 p. | ||
| 942 |
_cBK _2ddc |
||
| 041 | _ahin | ||